01693nam a22002417a 4500003000400000005001700004008004100021020001800062040001400080041000800094082001600102100003200118245002400150264004900174300005900223521091500282650002501197650003001222650002701252942001201279999001701291952014301308OSt20241113151249.0241113b ||||| |||| 00| 0 spa d a9788431542191 cCO-Mq BPB aspa a636.7bG65p aGómez Ferran, Annaeautor aPeluquería Canina aBarcelona;bEditorial De Vecchi, S.A.Uc2010 a152 páginasbTapa dura, ilustraciones a colorc25 cm aEn la última década, la peluquería canina ha experimentando en nuestro país un desarrollo espectacular. Lo que hasta hace unos años era un oficio artesano ha ido evolucionando hasta convertirse en una profesión artística en la que hay que trabajar con creatividad e imaginación. La autora, gran experta, vuelca en esta obra toda su experiencia didáctica que aplica en su profesión y trasmite a sus alumnos: características de los distintos tipos de manto canino, técnicas de acicalamiento más habituales, estrategias a seguir con cada raza. También da respuesta a las preguntas que los aficionados se plantean con más frecuencia y aporta información detallada sobre las principales razas que requieren un arreglo especial de manto. En definitiva, una obra que servirá de guía y apoyo a los nuevos peluqueros y a todos aquellos que deseen iniciarse en la peluquería canina. aPeluquería canina  aAgropecuarios y Zootecnia aAnimales de compañia 2ddccBK c15752d15752 00102ddc40708GENaBPMOSbBPMOScGENd2024-11-13eDonacióniNTl0o636.7 G65ppMOS503997r2024-11-13tEj.1w2024-11-13yBKzOcho dias